• 首页
  • 本馆介绍
  • 公告通知
  • 最新文献
  • 馆藏检索
  • 电子资源
  • 读者荐购
  • 参考咨询
  • CALIS
  • 我的图书馆
  • 登录
  • 详细信息显示
  • 放入我的书架
  • 预约/预借图书
  • 作者相关作品
  • 分类相关作品
  • 丛书相关作品
  • 出版社相关作品

书目信息

  • 表格格式
  • 工作单格式
  • 卡片格式
题名:
新修罪名诠解
    
 
作者: 葛磊 著
分册:  
出版信息: 北京   中国法制出版社  2009.05
页数: 284页
开本: 22cm
丛书名:
单 册:
中图分类: D924.305
科图分类:
主题词: 刑法--法律解释--罪名--中国
电子资源:
ISBN: 978-7-5093-1090-8
 
 
 
 
 
000 00764nam0 2200205 450
005 20100522174128.32
010    @a978-7-5093-1090-8@dCNY25.00
100    @a20100515d2009 em y0chiy0110 ea
101 0  @achi
102    @aCN@b110000
105    @ay zn 000yy
200 1  @a新修罪名诠解@Axin xiu zui ming quan jie@e《刑法修正案(七)》深度解读与实务@f葛磊著
210    @a北京@c中国法制出版社@d2009.05
215    @a284页@d22cm
330    @a本书内容包括:走私禁止进出口的货物、物品罪内幕交易、泄露内幕信息罪;逃避缴纳税款罪;组织、领导传销罪;非法经营罪;绑架罪;出售、非法提供公民个人信息罪、非法获取公民个人信息罪等。
606 0  @a刑法@x法律解释@x罪名@y中国
690    @aD924.305@v4
701  0 @a葛磊@Age lei@4著
801  0 @aCN@c20100515
905    @dD924.305@eG309@f3
    
    新修罪名诠解:《刑法修正案(七)》深度解读与实务/葛磊著.-北京:中国法制出版社,2009.05
    284页;22cm
    
    
    ISBN 978-7-5093-1090-8:CNY25.00
    本书内容包括:走私禁止进出口的货物、物品罪内幕交易、泄露内幕信息罪;逃避缴纳税款罪;组织、领导传销罪;非法经营罪;绑架罪;出售、非法提供公民个人信息罪、非法获取公民个人信息罪等。
●
相关链接 在E读中查询图书 在当当中查询图书 在豆瓣中查询图书


正题名:新修罪名诠解     索取号:D924.305/G309         预约/预借

序号 登录号 条形码 馆藏地/架位号 状态 备注
1 982662   209826624   社科库509/509社科库 98排2列2层/ [索取号:D924.305/G309] 在馆    
2 982663   209826633   社科库509/509社科库 98排2列2层/ [索取号:D924.305/G309] 在馆    
3 982664   209826642   社科库509/509社科库 98排2列2层/ [索取号:D924.305/G309] 在馆    
河南城建学院图书馆 欢迎您!
大连网信软件有限公司© 版权所有